00577 2200241 4500001002100000008004100021035001900062245007000081100001400151110001400165250000500179260003300184300002600217020001900243022001800262024000500280084001300285520000500298082000700303650000500310863000500315990001500320INLIS000000000000005 Ind $a 0010-1222000004$a CINTA DI UJUNG SAJADAH : $b CINTA DI UJUNG SAJADAH / $c ASMA NADIA$a ASMA NADIA$a ASMA NADIA$a I$a Jakarta $b REPUBLIKA $c 2012 $a 68 hlm. ; $c 17x25 cm.$a 978-222-666-444$a 856-225-456-78$a -$a 800 ASM c$a -$a 800$a -$a 1$a 1474/p/2018